| 000 | 01103cam a2200313 a 4500 | ||
|---|---|---|---|
| 003 | CHAP | ||
| 005 | 20220329142505.0 | ||
| 008 | 010618d2001 mx r 000 spa d | ||
| 010 | _a84230 | ||
| 011 | _a85202 | ||
| 035 | _a95733 | ||
| 040 | _cCHAP | ||
| 100 | 0 | 0 |
_aRivera Virgen, José Luis. _997770 |
| 245 | 0 | 0 |
_aEvaluación de líneas de soya forrajera en tres etapas fenológicas _c/por José Luis Rivera Virgen |
| 260 |
_aCocula, Gro. : _bEl autor, _c2001. |
||
| 300 | _a47 h. | ||
| 500 | _aTesis (Ing. Agr. Zootecnista) -- Colegio Superior Agropecuario del Estado de Guerrero | ||
| 590 |
_aBATCH-UPD _b10 _c20130110 _lUCH01 _h0454 |
||
| 590 |
_aBATCH-UPD _b10 _c20130410 _lUCH01 _h0132 |
||
| 590 |
_aBATCH-UPD _b10 _c20130914 _lUCH01 _h2005 |
||
| 590 |
_aCONVERSION _b10 _c20130109 _lUCH01 _h1347 |
||
| 650 | 1 | 4 |
_aSoya como forraje. _9109101 |
| 650 | 1 | 4 |
_aSoya _xValor nutritivo. _9109095 |
| 901 | _aBK | ||
| 905 | _aLilia Sánchez G. | ||
| 942 | _cFOLL | ||
| 949 |
_aTesis _bBC _cTES _d33724000949715 _eTS2 _fc.2 _gDonaciØn _h43857 _i95733 _sb |
||
| 949 |
_aTesis _bBC _cTES _d957331 _eTS1 _h38252 _i95733 _sb |
||
| 999 |
_c84230 _d84230 |
||